Hakkulū-vidhulū. (Record no. 67245)

MARC details
000 -LEADER
fixed length control field 00563cam a22002291 4500
001 - CONTROL NUMBER
control field sa 66000422
003 - CONTROL NUMBER IDENTIFIER
control field DLC
005 - DATE AND TIME OF LATEST TRANSACTION
control field 20260227112215.0
008 - FIXED-LENGTH DATA ELEMENTS--GENERAL INFORMATION
fixed length control field 940922s1964 ii a 000 0 telo
010 ## - LIBRARY OF CONGRESS CONTROL NUMBER
LC control number sa 66000422
025 ## - OVERSEAS ACQUISITION NUMBER
Overseas acquisition number PL480:I-Te-1070
035 ## - SYSTEM CONTROL NUMBER
System control number (OCoLC)31160496
040 ## - CATALOGING SOURCE
Original cataloging agency DLC
Transcribing agency CU
Modifying agency CU
-- DLC
042 ## - AUTHENTICATION CODE
Authentication code premarc
050 00 - LIBRARY OF CONGRESS CALL NUMBER
Classification number JC585
Item number .R33
100 2# - MAIN ENTRY--PERSONAL NAME
Personal name Radhakrishna Murthy, Guntupalli,
Dates associated with a name 1930-
245 10 - TITLE STATEMENT
Title Hakkulū-vidhulū.
260 ## - PUBLICATION, DISTRIBUTION, ETC.
Date of publication, distribution, etc. [1964]
300 ## - PHYSICAL DESCRIPTION
Extent 72 p.
Other physical details ill.
Dimensions 18 cm.
500 ## - GENERAL NOTE
General note In Telugu.
650 #0 - SUBJECT ADDED ENTRY--TOPICAL TERM
Topical term or geographic name entry element Civil rights.

No items available.

Powered by Koha